[Event "Muscat-ch op"]
[Site "Muscat"]
[Date "2024.12.31"]
[Round "9"]
[White "Said, Ahmed Ali Jidal Fad"]
[Black "Al Mamari, Imran"]
[Result "1-0"]
[WhiteElo "1822"]
[BlackElo "1676"]
[PlyCount "111"]
[EventDate "2024.12.26"]
[EventType "swiss"]
[EventRounds "9"]
[EventCountry "OMN"]
[SourceTitle "CB01_2025"]
[SourceDate "2025.01.01"]
[SourceVersion "1"]
[SourceVersionDate "2025.01.01"]
[SourceQuality "1"]

1. d4 d5 2. Bf4 Nf6 3. Nf3 e6 4. e3 Be7 5. Ne5 Nbd7 6. Nd2 Nxe5 7. dxe5 Nd7 8. Bd3 h5 9. h4 c5 10. c3 Qc7 11. Nf3 b6 12. Bb5 Bb7 13. Ng5 Bxg5 14. hxg5 g6 15. Qa4 Ke7 16. Bxd7 Qxd7 17. Qxd7+ Kxd7 18. f3 Rad8 19. 0-0-0 Ke7 20. Bg3 Rd7 21. Bf2 Rhd8 22. Rh4 Ba6 23. Kd2 Bb5 24. Rdh1 Bc6 25. R1h3 Bb7 26. g4 d4 27. exd4 cxd4 28. Bxd4 hxg4 29. Rxg4 Rd5 30. Ke3 Ra5 31. a3 Bd5 32. Rh7 Bc6 33. Rf4 Be8 34. Rf6 Kf8 35. Rh8+ Kg7 36. Rh2 Rad5 37. Rf4 Kf8 38. Rfh4 Ke7 39. c4 Ra5 40. Bc3 Ra4 41. Bb4+ Kd7 42. Rd4+ Kc7 43. Rd6 Rxd6 44. exd6+ Kc6 45. Rd2 Bd7 46. Kf4 Ra6 47. Ke5 Be8 48. Kf6 Kd7 49. Rc2 Ra4 50. b3 Ra6 51. f4 Kd8 52. Rc3 Kd7 53. Rh3 Kd8 54. Rh7 b5 55. cxb5 Rb6 56. Ba5 1-0

[Event "OMA-ch Clubs 7th"]
[Site "Muscat"]
[Date "2024.07.17"]
[Round "8.2"]
[White "Aljabri, Salam Humaid"]
[Black "Said, Ahmed Ali Jidal Fad"]
[Result "0-1"]
[WhiteElo "1735"]
[BlackElo "1785"]
[PlyCount "82"]
[EventDate "2024.07.11"]
[EventType "team-swiss"]
[EventRounds "9"]
[EventCountry "OMN"]
[SourceTitle "EXT 2025"]
[Source "ChessBase"]
[SourceDate "2024.10.14"]
[SourceVersion "1"]
[SourceVersionDate "2024.10.14"]
[SourceQuality "1"]
[WhiteTeam "Saham"]
[BlackTeam "Salalah II"]
[WhiteTeamCountry "OMN"]
[BlackTeamCountry "OMN"]

1. b3 d5 2. Bb2 e6 3. e3 Nf6 4. Nf3 c5 5. Bb5+ Bd7 6. Bxd7+ Nbxd7 7. Ne5 Nxe5 8. Bxe5 Bd6 9. Bb2 Qc7 10. f4 0-0-0 11. d3 d4 12. exd4 Bxf4 13. dxc5 Ne4 14. Qe2 Nxc5 15. g3 Bh6 16. Nc3 Rd7 17. 0-0 Qb6 18. Kg2 f6 19. Qf3 Rhd8 20. Ne4 Nxe4 21. Qxe4 e5 22. Bc1 Bxc1 23. Raxc1 g6 24. Rf2 Rd4 25. Qe3 Qc6+ 26. Qf3 Qxf3+ 27. Rxf3 f5 28. Re3 e4 29. dxe4 Rd2+ 30. Kh3 Re8 31. e5 Kd7 32. a4 Ke6 33. Rd3 Re2 34. Rd6+ Kxe5 35. Rd7 g5 36. g4 f4 37. Rxb7 Kf6 38. Rg1 R8e3+ 39. Rg3 fxg3 40. hxg3 Rxc2 41. b4 Ree2 0-1

[Event "OMA-ch Clubs 7th"]
[Site "Muscat"]
[Date "2024.07.16"]
[Round "7.2"]
[White "Al Maashani, Amer"]
[Black "Said, Ahmed Ali Jidal Fad"]
[Result "1/2-1/2"]
[WhiteElo "1986"]
[BlackElo "1785"]
[PlyCount "60"]
[EventDate "2024.07.11"]
[EventType "team-swiss"]
[EventRounds "9"]
[EventCountry "OMN"]
[SourceTitle "EXT 2025"]
[Source "ChessBase"]
[SourceDate "2024.10.14"]
[SourceVersion "1"]
[SourceVersionDate "2024.10.14"]
[SourceQuality "1"]
[WhiteTeam "Masirah White"]
[BlackTeam "Salalah II"]
[WhiteTeamCountry "OMN"]
[BlackTeamCountry "OMN"]

1. e4 c6 2. d4 d5 3. e5 c5 4. dxc5 e6 5. c3 Nc6 6. Nf3 Bxc5 7. Bd3 Nge7 8. 0-0 Ng6 9. Qe2 0-0 10. b4 Be7 11. Na3 f6 12. Bxg6 hxg6 13. Rd1 fxe5 14. Nxe5 Nxe5 15. Qxe5 Bd6 16. Qd4 Rf5 17. Nc4 Bc7 18. Ne3 Rf4 19. Qd3 Qf6 20. g3 Rf3 21. a4 Kh7 22. Ra2 Bd7 23. Kg2 Rf8 24. Ng4 Qxc3 25. Qb1 Bxa4 26. Rxa4 Rxf2+ 27. Nxf2 Qf3+ 28. Kh3 Qh5+ 29. Kg2 Qf3+ 30. Kh3 Qc3 1/2-1/2

[Event "OMA-ch Clubs 7th"]
[Site "Muscat"]
[Date "2024.07.15"]
[Round "6.2"]
[White "Said, Ahmed Ali Jidal Fad"]
[Black "Al Mamari, Mohammed Salim"]
[Result "1-0"]
[WhiteElo "1785"]
[BlackElo "1750"]
[PlyCount "21"]
[EventDate "2024.07.11"]
[EventType "team-swiss"]
[EventRounds "9"]
[EventCountry "OMN"]
[SourceTitle "EXT 2025"]
[Source "ChessBase"]
[SourceDate "2024.10.14"]
[SourceVersion "1"]
[SourceVersionDate "2024.10.14"]
[SourceQuality "1"]
[WhiteTeam "Salalah II"]
[BlackTeam "Al Nahda"]
[WhiteTeamCountry "OMN"]
[BlackTeamCountry "OMN"]

1. d4 f5 2. Bg5 d6 3. h4 Nd7 4. e4 fxe4 5. Nc3 Ngf6 6. f3 d5 7. fxe4 dxe4 8. Bc4 g6 9. h5 c6 10. hxg6 h6 11. Bf7# 1-0

[Event "OMA-ch Clubs 7th"]
[Site "Muscat"]
[Date "2024.07.13"]
[Round "4.2"]
[White "Said, Ahmed Ali Jidal Fad"]
[Black "Al Busaidi, Hamood"]
[Result "0-1"]
[WhiteElo "1785"]
[BlackElo "1844"]
[PlyCount "140"]
[EventDate "2024.07.11"]
[EventType "team-swiss"]
[EventRounds "9"]
[EventCountry "OMN"]
[SourceTitle "EXT 2025"]
[Source "ChessBase"]
[SourceDate "2024.10.14"]
[SourceVersion "1"]
[SourceVersionDate "2024.10.14"]
[SourceQuality "1"]
[WhiteTeam "Salalah II"]
[BlackTeam "Salalah"]
[WhiteTeamCountry "OMN"]
[BlackTeamCountry "OMN"]

1. d4 Nf6 2. Nf3 g6 3. Bf4 Bg7 4. Nc3 d5 5. Nb5 Na6 6. e3 0-0 7. Bd3 c6 8. Nc3 Nb8 9. h3 Nbd7 10. 0-0 Qa5 11. a3 Re8 12. b4 Qd8 13. Ne5 Nh5 14. Bh2 Nxe5 15. dxe5 Bh8 16. g4 Ng7 17. Ne2 f5 18. Nd4 Rf8 19. f4 a5 20. Qf3 Ne6 21. c4 fxg4 22. Qg3 Nxd4 23. exd4 Be6 24. c5 Qd7 25. hxg4 Bxg4 26. f5 Bxf5 27. Bxf5 Rxf5 28. Rxf5 Qxf5 29. Rf1 Qe6 30. bxa5 Rxa5 31. Rb1 Ra7 32. Rb3 Bg7 33. Rf3 Ra4 34. Qh4 Bxe5 35. Bxe5 Qxe5 36. Qxh7+ Kxh7 37. dxe5 Kg8 38. e6 Re4 39. Rb3 Rxe6 40. Rxb7 Kf7 41. Rc7 Re3 42. a4 Ra3 43. Rxc6 Rxa4 44. Rc8 Rc4 45. c6 Ke6 46. c7 Rc5 47. Kf2 Kd7 48. Rg8 Rxc7 49. Rxg6 Rc3 50. Ke2 e6 51. Kd2 Rh3 52. Rg7+ Kd6 53. Ra7 Ke5 54. Ra6 d4 55. Rb6 Kd5 56. Rb5+ Ke4 57. Rg5 Rh2+ 58. Ke1 e5 59. Kd1 d3 60. Rg4+ Kd5 61. Ra4 e4 62. Ke1 Ke5 63. Ra7 Kd4 64. Rg7 Rh1+ 65. Kf2 e3+ 66. Kf3 Rf1+ 67. Kg2 Rf2+ 68. Kg1 d2 69. Rd7+ Ke4 70. Rd8 Kf3 0-1

[Event "OMA-ch 11th"]
[Site "Muscat"]
[Date "2024.01.26"]
[Round "3"]
[White "Said, Ahmed Ali Jidal Fad"]
[Black "Al Maani, Luqman"]
[Result "1-0"]
[WhiteElo "1678"]
[BlackElo "1168"]
[PlyCount "73"]
[EventDate "2024.01.24"]
[EventType "swiss"]
[EventRounds "9"]
[EventCountry "OMN"]
[SourceTitle "CBM 218 Extra"]
[Source "ChessBase"]
[SourceDate "2024.03.31"]
[SourceVersion "1"]
[SourceVersionDate "2024.03.31"]
[SourceQuality "1"]

1. d4 d5 2. Bf4 c6 3. e3 Nf6 4. Nf3 e6 5. c3 Bd6 6. Bg3 0-0 7. Bd3 b6 8. Nbd2 Ba6 9. Qe2 Bxd3 10. Qxd3 c5 11. Ne5 c4 12. Qc2 b5 13. e4 Re8 14. 0-0 b4 15. exd5 exd5 16. Qf5 Qc7 17. Ndf3 Ne4 18. Rfe1 Nxg3 19. hxg3 Nc6 20. Ng5 g6 21. Qh3 f6 22. Nxc6 fxg5 23. Nxb4 Bxb4 24. cxb4 Re7 25. Re6 Rae8 26. Rae1 Kg7 27. Rxe7+ Rxe7 28. Rxe7+ Qxe7 29. Kh2 h5 30. Qc8 g4 31. Qc5 Qb7 32. a4 Qf7 33. a5 Kh6 34. Qd6 Qxf2 35. Qf4+ Qxf4 36. gxf4 h4 37. b5 1-0

[Event "OMA-ch 11th"]
[Site "Muscat"]
[Date "2024.01.25"]
[Round "2"]
[White "Al Balushi, Salim"]
[Black "Said, Ahmed Ali Jidal Fad"]
[Result "1-0"]
[WhiteElo "1383"]
[BlackElo "1678"]
[PlyCount "93"]
[EventDate "2024.01.24"]
[EventType "swiss"]
[EventRounds "9"]
[EventCountry "OMN"]
[SourceTitle "CBM 218 Extra"]
[Source "ChessBase"]
[SourceDate "2024.03.31"]
[SourceVersion "1"]
[SourceVersionDate "2024.03.31"]
[SourceQuality "1"]

1. e4 d6 2. d4 Nf6 3. Bd3 e5 4. c3 d5 5. f3 dxe4 6. fxe4 exd4 7. cxd4 Bb4+ 8. Nc3 0-0 9. Nf3 Bg4 10. Be3 Nc6 11. Bc2 Re8 12. e5 Nd5 13. Qd3 g6 14. Bd2 Bf5 15. Ne4 Bxd2+ 16. Qxd2 f6 17. 0-0 fxe5 18. Qh6 Qe7 19. Rae1 Qg7 20. Qh4 Kh8 21. Bb3 Bxe4 22. Rxe4 Nf6 23. Ng5 Nxe4 24. Rf7 Nxg5 25. Rxg7 Kxg7 26. Qxg5 exd4 27. Qd5 Re7 28. h4 Rd8 29. Qg5 h6 30. Qg3 d3 31. h5 Rd6 32. Qg4 d2 33. Kh2 Re5 34. hxg6 Rxg6 35. Qf4 Rf6 36. Qxd2 Ne7 37. Qd7 Rff5 38. Qxc7 Rh5+ 39. Kg1 Re1+ 40. Kf2 Rhe5 41. Qc4 R1e4 42. Qf7+ Kh8 43. Qf8+ Kh7 44. Bc2 Rf5+ 45. Qxf5+ Nxf5 46. Bxe4 Kg6 47. g4 1-0

[Event "OMA-chT Clubs"]
[Site "Muscat"]
[Date "2022.08.27"]
[Round "3.1"]
[White "Napone, Emerson"]
[Black "Said, Ahmed Ali Jidal Fad"]
[Result "1-0"]
[WhiteElo "1637"]
[BlackElo "1755"]
[PlyCount "55"]
[EventDate "2022.08.26"]
[EventType "team-swiss"]
[EventRounds "9"]
[EventCountry "OMN"]
[SourceTitle "EXT 2023"]
[Source "ChessBase"]
[SourceDate "2022.10.05"]
[SourceVersion "1"]
[SourceVersionDate "2022.10.05"]
[SourceQuality "1"]
[WhiteTeam "Majees Blue"]
[BlackTeam "Salalah"]
[WhiteTeamCountry "OMN"]
[BlackTeamCountry "OMN"]

1. e4 c6 2. c4 d5 3. exd5 cxd5 4. cxd5 Nf6 5. Nc3 a6 6. Qb3 Nbd7 7. Be2 Nc5 8. Qc2 g6 9. d4 Bf5 10. Qd1 Nce4 11. Nf3 Nxc3 12. bxc3 Nxd5 13. Qb3 b5 14. Ne5 Bg7 15. 0-0 0-0 16. Nc6 Qd7 17. Qxd5 Qc7 18. Bf3 Rac8 19. Qc5 Bf6 20. Ba3 Rfe8 21. Na7 Qxc5 22. Bxc5 Rc7 23. a4 e5 24. axb5 exd4 25. cxd4 axb5 26. Nxb5 Rxc5 27. dxc5 Bd3 28. Nd6 1-0

[Event "OMA-ch"]
[Site "Muscat"]
[Date "2022.02.17"]
[Round "9"]
[White "Said, Ahmed Ali Jidal Fad"]
[Black "Al Dhiyabi, Mohammed"]
[Result "1-0"]
[WhiteElo "1799"]
[BlackElo "1592"]
[PlyCount "61"]
[EventDate "2022.02.10"]
[EventType "swiss"]
[EventRounds "9"]
[EventCountry "OMN"]
[SourceTitle "EXT 2023"]
[Source "ChessBase"]
[SourceDate "2022.10.05"]
[SourceVersion "1"]
[SourceVersionDate "2022.10.05"]
[SourceQuality "1"]

1. d4 d5 2. Nf3 Nf6 3. g3 c6 4. Bg2 g6 5. 0-0 Bg7 6. Re1 0-0 7. c3 Re8 8. Nbd2 Nbd7 9. Ne5 Nxe5 10. dxe5 Nd7 11. f4 e6 12. e4 Qb6+ 13. Kh1 a5 14. exd5 cxd5 15. c4 dxc4 16. Nxc4 Qc7 17. Nd6 Rd8 18. Qe2 Bf8 19. Nb5 Qb6 20. Be3 Bc5 21. a4 Bxe3 22. Qxe3 Nc5 23. Nd6 Ra6 24. Rac1 Nxa4 25. Nxc8 Qxb2 26. Nd6 b5 27. Rb1 Qc3 28. Rxb5 Qxe3 29. Rxe3 Nb6 30. Bb7 Nd5 31. Rxd5 1-0

[Event "OMA-ch"]
[Site "Muscat"]
[Date "2022.02.14"]
[Round "6"]
[White "Al Darwashi, Usama"]
[Black "Said, Ahmed Ali Jidal Fad"]
[Result "1-0"]
[WhiteElo "1503"]
[BlackElo "1799"]
[PlyCount "166"]
[EventDate "2022.02.10"]
[EventType "swiss"]
[EventRounds "9"]
[EventCountry "OMN"]
[SourceTitle "EXT 2023"]
[Source "ChessBase"]
[SourceDate "2022.10.05"]
[SourceVersion "1"]
[SourceVersionDate "2022.10.05"]
[SourceQuality "1"]

1. d4 d5 2. Nf3 Nf6 3. g3 b5 4. a4 b4 5. c4 bxc3 6. Nxc3 e6 7. Bg2 Be7 8. 0-0 0-0 9. Ne5 c6 10. Qc2 Nfd7 11. f4 Nxe5 12. fxe5 a5 13. e4 Na6 14. exd5 Nb4 15. Qe4 cxd5 16. Qg4 Kh8 17. Ne2 Ba6 18. Rd1 Rc8 19. Nf4 Rc2 20. Bf1 Bxf1 21. Rxf1 f5 22. Qh3 Kg8 23. Nxe6 Qb6 24. Rxf5 Rxf5 25. Qxf5 Rc6 26. Nc5 Bxc5 27. dxc5 Qxc5+ 28. Kg2 Nc2 29. e6 Qe7 30. Qxd5 Rxe6 31. Bg5 Qd6 32. Qxd6 Rxd6 33. Rc1 Nb4 34. Rc5 h6 35. Bf4 Re6 36. Rxa5 g5 37. Be5 g4 38. Ra8+ Kf7 39. Bc3 Nd3 40. Ra7+ Kg6 41. Rd7 Nc5 42. Rg7+ Kf5 43. Rf7+ Kg6 44. Rf4 h5 45. a5 Re2+ 46. Rf2 Re6 47. Kf1 Ne4 48. Re2 Kf5 49. Bd4 Rd6 50. Be3 Rd1+ 51. Kg2 Ra1 52. b4 Rb1 53. a6 Rxb4 54. a7 Ra4 55. Rc2 Ng5 56. Rc5+ Ke4 57. Bxg5 Ra2+ 58. Kg1 Rxa7 59. Rc1 Ra5 60. Re1+ Kf5 61. Bd2 Ra2 62. Rf1+ Ke4 63. Rf2 Ra6 64. Bg5 Ke5 65. Kg2 Ra8 66. h3 gxh3+ 67. Kxh3 Ra4 68. Rf8 Ke6 69. Rf4 Ra1 70. Rh4 Rh1+ 71. Kg2 Rb1 72. Rxh5 Kf5 73. Bf4+ Kg6 74. Rh6+ Kg7 75. Ra6 Rb2+ 76. Kh3 Rb3 77. Kg4 Rb4 78. Kf5 Rb5+ 79. Be5+ Kf7 80. Ra7+ Ke8 81. Ke6 Rb6+ 82. Bd6 Ra6 83. Ra8+ Rxa8 1-0

[Event "OMA-ch"]
[Site "Muscat"]
[Date "2021.09.29"]
[Round "9"]
[White "Salim Issa, Ali Shamas"]
[Black "Said, Ahmed Ali Jidal Fad"]
[Result "0-1"]
[WhiteElo "1888"]
[BlackElo "1902"]
[PlyCount "123"]
[EventDate "2021.09.22"]
[EventType "swiss"]
[EventRounds "9"]
[EventCountry "OMN"]
[SourceTitle "EXT 2023"]
[Source "ChessBase"]
[SourceDate "2022.10.05"]
[SourceVersion "1"]
[SourceVersionDate "2022.10.05"]
[SourceQuality "1"]

1. d4 d6 2. e4 Nf6 3. Bd3 e5 4. c3 d5 5. dxe5 Nxe4 6. Bxe4 dxe4 7. Qa4+ Bd7 8. Qxe4 Bc6 9. Qg4 h5 10. Qh3 Qd7 11. f3 Bc5 12. Bf4 Bxg1 13. Qxd7+ Nxd7 14. Rxg1 Nc5 15. Kd2 0-0-0+ 16. Kc2 Nd3 17. Bg5 Rd7 18. Rd1 Nxe5 19. Rxd7 Bxd7 20. Nd2 Bf5+ 21. Kb3 f6 22. Be3 Re8 23. Nf1 b6 24. a4 a5 25. Rd1 Bh7 26. h3 Bg8+ 27. Kc2 Nc4 28. Re1 f5 29. b3 Nxe3+ 30. Rxe3 Rxe3 31. Nxe3 g5 32. c4 Kd7 33. Kc3 Be6 34. Kd4 Kd6 35. g4 c5+ 36. Kd3 fxg4 37. fxg4 hxg4 38. Nxg4 Bf5+ 39. Kd2 Ke6 40. Ne3 Bxh3 41. Nd5 Ke5 42. Ke3 Be6 43. Nxb6 g4 44. Na8 Kd6 45. Nb6 Kc6 46. Nd5 Bxd5 47. cxd5+ Kxd5 48. Kf4 Kd4 49. Kxg4 Kc3 50. Kf3 Kxb3 51. Ke4 c4 52. Kd4 c3 53. Kc5 Kxa4 54. Kc4 c2 55. Kd3 c1Q 56. Kd4 Kb3 57. Kd5 a4 58. Kd6 a3 59. Kd5 a2 60. Kd6 a1Q 61. Kd5 Qab2 62. Ke4 0-1

[Event "OMA-chT"]
[Site "Muscat"]
[Date "2020.01.30"]
[Round "8.7"]
[White "Qatan, Said Mahad"]
[Black "Said, Ahmed Ali Jidal Fad"]
[Result "1-0"]
[WhiteElo "1629"]
[BlackElo "1950"]
[PlyCount "75"]
[EventDate "2020.01.25"]
[EventType "team-swiss"]
[EventRounds "9"]
[EventCountry "OMN"]
[SourceTitle "CBM 194 Extra"]
[Source "ChessBase"]
[SourceDate "2020.03.31"]
[SourceVersion "1"]
[SourceVersionDate "2020.03.31"]
[SourceQuality "1"]

1. e4 d6 2. Nc3 Nf6 3. h3 e5 4. f4 c5 5. Nf3 Nc6 6. Bb5 Qc7 7. 0-0 Bd7 8. Bc4 h6 9. a3 a6 10. f5 Nd4 11. d3 b5 12. Nd5 Nxd5 13. Bxd5 Bc6 14. Nxd4 cxd4 15. Ba2 0-0-0 16. Bd2 f6 17. Qe1 Qb7 18. Ba5 Re8 19. c3 d5 20. cxd4 Bd6 21. Rc1 Kb8 22. Bb4 Rd8 23. Bxd6+ Rxd6 24. dxe5 fxe5 25. Qg3 Re8 26. d4 dxe4 27. dxe5 Rd3 28. Qg6 Rc8 29. f6 gxf6 30. Rxf6 Be8 31. Rxc8+ Qxc8 32. Qxe4 Qc5+ 33. Kh2 Re3 34. Qf4 Qxe5 35. Qxe5+ Rxe5 36. Rxh6 Ka7 37. Re6 Rxe6 38. Bxe6 1-0

[Event "OMA-chT"]
[Site "Muscat"]
[Date "2020.01.30"]
[Round "7.5"]
[White "Said, Ahmed Ali Jidal Fad"]
[Black "Al Busaidi, Hamood1"]
[Result "1/2-1/2"]
[WhiteElo "1950"]
[BlackElo "1413"]
[PlyCount "70"]
[EventDate "2020.01.25"]
[EventType "team-swiss"]
[EventRounds "9"]
[EventCountry "OMN"]
[SourceTitle "CBM 194 Extra"]
[Source "ChessBase"]
[SourceDate "2020.03.31"]
[SourceVersion "1"]
[SourceVersionDate "2020.03.31"]
[SourceQuality "1"]

1. d4 Nf6 2. Nf3 g6 3. g3 Bg7 4. Bg2 c6 5. 0-0 0-0 6. Re1 d5 7. Nbd2 Nbd7 8. c3 Qc7 9. e4 Nxe4 10. Nxe4 dxe4 11. Ng5 Nf6 12. Nxe4 Rd8 13. Nxf6+ Bxf6 14. Bf4 Qa5 15. Qe2 Bf5 16. g4 Be6 17. h3 Rd7 18. Be5 Rad8 19. Bxf6 exf6 20. Qe3 Kg7 21. b4 Qc7 22. a3 Re7 23. f4 Rde8 24. Qd2 Bd5 25. Bxd5 cxd5 26. Kf2 g5 27. Rxe7 Rxe7 28. Re1 Rxe1 29. Kxe1 b5 30. Kf2 h6 31. Kf3 Qe7 32. Qe3 Kf8 33. Kf2 Qc7 34. Kf3 Kg7 35. Kf2 Qc4 1/2-1/2

[Event "OMA-chT"]
[Site "Muscat"]
[Date "2020.01.26"]
[Round "2.2"]
[White "Al Kathiri, Musallam Mustahil"]
[Black "Said, Ahmed Ali Jidal Fad"]
[Result "0-1"]
[WhiteElo "1606"]
[BlackElo "1950"]
[PlyCount "56"]
[EventDate "2020.01.25"]
[EventType "team-swiss"]
[EventRounds "9"]
[EventCountry "OMN"]
[SourceTitle "CBM 194 Extra"]
[Source "ChessBase"]
[SourceDate "2020.03.31"]
[SourceVersion "1"]
[SourceVersionDate "2020.03.31"]
[SourceQuality "1"]

1. e4 d6 2. Nc3 Nf6 3. Nf3 Bg4 4. h3 Bh5 5. Qe2 a6 6. d4 Bxf3 7. Qxf3 e5 8. dxe5 dxe5 9. Bd3 h6 10. Bd2 Nc6 11. 0-0 Bd6 12. Nd5 Nd4 13. Qd1 c6 14. Ne3 g6 15. c3 Ne6 16. Nc4 Bc7 17. Bc2 b5 18. Nxe5 Bxe5 19. f4 Bc7 20. e5 Nd5 21. f5 gxf5 22. Bxf5 Qh4 23. Be1 Qg5 24. h4 Qe3+ 25. Rf2 Qxe5 26. Qf3 0-0-0 27. Re2 Qh2+ 28. Kf1 Qh1+ 0-1

[Event "World Amateur-ch U2300"]
[Site "Cagliari"]
[Date "2018.04.22"]
[Round "1"]
[White "Chipanga, Chiletso"]
[Black "Said, Ahmed Ali Jidal Fad"]
[Result "1-0"]
[WhiteElo "2126"]
[BlackElo "1928"]
[PlyCount "105"]
[EventDate "2018.04.22"]
[EventType "swiss"]
[EventRounds "9"]
[EventCountry "ITA"]
[SourceTitle "CBM 184 Extra"]
[Source "ChessBase"]
[SourceDate "2018.06.28"]
[SourceVersion "1"]
[SourceVersionDate "2018.06.28"]
[SourceQuality "1"]

1. e4 d6 2. d4 Nf6 3. Bd3 e5 4. c3 d5 5. dxe5 Nxe4 6. Bxe4 dxe4 7. Qa4+ Bd7 8. Qc4 Bc6 9. Ne2 Nd7 10. Bf4 Nc5 11. 0-0 g5 12. Be3 Nd3 13. e6 fxe6 14. Qxe6+ Qe7 15. Qf5 Bd7 16. Qxg5 Qxg5 17. Bxg5 Rg8 18. Be3 0-0-0 19. Nd2 Re8 20. a4 h5 21. Ng3 h4 22. Ngxe4 Bc6 23. f3 Re6 24. b4 Reg6 25. g3 hxg3 26. hxg3 Bh6 27. Bxh6 Rxh6 28. Kg2 Nf4+ 29. Kf2 Rh2+ 30. Ke3 Nd5+ 31. Kd3 Rd8 32. Rf2 Nb6+ 33. Ke2 Rxf2+ 34. Kxf2 Bxa4 35. Nc4 Bc6 36. Nxb6+ cxb6 37. Re1 Rf8 38. g4 a5 39. b5 Bxe4 40. Rxe4 Kc7 41. g5 Kd6 42. f4 Ra8 43. Kf3 a4 44. Re2 a3 45. Ra2 Ke6 46. Kg4 Ra4 47. c4 Kf7 48. Kf5 Rxc4 49. Rxa3 Rc5+ 50. Kg4 Rxb5 51. Ra7 Rb1 52. Rxb7+ Kf8 53. Kf5 1-0

[Event "World Amateur-ch U2000"]
[Site "Chalkidiki"]
[Date "2016.04.26"]
[Round "8"]
[White "Khulan, Enkhsaikhan"]
[Black "Said, Ahmed Ali Jidal Fad"]
[Result "1/2-1/2"]
[WhiteElo "1918"]
[BlackElo "1936"]
[PlyCount "89"]
[EventDate "2016.04.19"]
[EventType "swiss"]
[EventRounds "9"]
[EventCountry "GRE"]
[SourceTitle "CBM 172 Extra"]
[Source "ChessBase"]
[SourceDate "2016.06.21"]
[SourceVersion "1"]
[SourceVersionDate "2016.06.21"]
[SourceQuality "1"]

1. g3 d6 2. Bg2 Nf6 3. Nf3 g6 4. 0-0 Bg7 5. c4 0-0 6. Nc3 c6 7. d4 Bf5 8. Re1 Ne4 9. Nxe4 Bxe4 10. b3 Qb6 11. Bb2 Na6 12. Nh4 Bxg2 13. Nxg2 Rad8 14. Qd2 e5 15. dxe5 dxe5 16. Qe3 Qc7 17. Qc3 f5 18. Rad1 Nc5 19. Qc2 Ne6 20. c5 Kh8 21. Qc4 Ng5 22. Rxd8 Rxd8 23. Nh4 Rd5 24. Nf3 Nxf3+ 25. exf3 b6 26. cxb6 axb6 27. f4 e4 28. Bxg7+ Kxg7 29. Rc1 Rd6 30. Qc3+ Kh6 31. Kg2 Qd7 32. a4 Rd2 33. Qe3 c5 34. Rc3 Rd3 35. Rxd3 exd3 36. Qd2 Qd5+ 37. Kh3 Qxb3 38. Qe3 Qd1 39. Qe7 Qh5+ 40. Kg2 Qe2 41. Qf8+ Kh5 42. Qd8 Qe4+ 43. Kh3 Kh6 44. Qf8+ Kh5 45. Qd8 1/2-1/2